000 01820cam a22004934a 4500
001 muse86569
003 MdBmJHUP
005 20210127151727.0
006 m o d
007 cr||||||||nn|n
008 740802s1975 ncu o 00 0 eng d
010 _z 74016015
020 _a9781469657165
020 _a1469657163
020 _z0807880817
020 _z9781469657158
020 _z1469657155
035 _a(OCoLC)1033566246
040 _aMdBmJHUP
_cMdBmJHUP
041 0 _aeng
_ager
_ager
050 0 4 _aPT2635.I65
_bD8 1975
082 0 _a831/.9/12
100 1 _aRilke, Rainer Maria,
_d1875-1926.
245 1 0 _aDuinesian Elegies
_cGerman text with English translation and commentary by Elaine E. Boney.
264 1 _bUniversity of North Carolina Press,
264 3 _bProject MUSE,
300 _a1 online resource (xi, 150 p.)
490 0 _aUniversity of North Carolina studies in the Germanic languages and literatures, no. 81
504 _aBibliography: p. 141-150.
506 0 _aOpen Access
_fUnrestricted online access
_2star
588 _aDescription based on print version record.
655 7 _aElectronic books.
_2local
700 1 2 _aRilke, Rainer Maria,
_d1875-1926.
_tDuineser Elegien.
_lEnglish.
700 1 2 _aRilke, Rainer Maria,
_d1875-1926.
_tDuineser Elegien.
700 1 _aBoney, Elaine Emesette,
_d1921-
710 2 _aProject Muse.
_edistributor
830 0 _aUniversity of North Carolina studies in the Germanic languages and literatures ;
_vno. 81.
830 0 _aBook collections on Project MUSE.
856 4 0 _zFull text available:
_uhttps://muse.jhu.edu/book/75857/
999 _c26807
_d26807